Leonid Arbusow (1882-1951) und die Erforschung des mittelalterlichen Livland. - Köln : Böhlau. - 2014 [Rezension]
| Titel: | Leonid Arbusow (1882-1951) und die Erforschung des mittelalterlichen Livland. - Köln : Böhlau. - 2014 [Rezension] |
|---|---|
| Verfasser: | |
| In: |
Journal of Baltic studies, Band 46, Heft 2 (2015), Seite 261-263 alle Artikel anzeigen |
| Veröffentlicht: | 2015 |
| Format: | Aufsatz |
| Sprache: | Englisch |
X
alg: 39509355
001A $01999:12-11-16
001B $01999:04-08-21 $t21:04:32.000
001D $01999:12-11-16
001U $0utf8
001X $00
002@ $0Aox
003@ $0395093554
007A $0395093554 $aHEB
007T $0Herdc0106344m
010@ $aeng
011@ $a2015
021A $aLeonid Arbusow (1882-1951) und die Erforschung des mittelalterlichen Livland. - Köln : Böhlau. - 2014 [Rezension]
028A $aLaidla $dJanet
031A $d46 $e2 $h261-263 $j2015
039B $aIn $8--Abvc--. Journal of Baltic studies. - Abingdon : Routledge, 1972-. - ISSN 0162-9778 $x201500000460002739 $9047244860
039T $8--Aau--. Leonid Arbusow (1882-1951) und die Erforschung des mittelalterlichen Livland. - Köln {[u.a.] : Böhlau, 2014. - 383 S.. - ISBN 978-3-412-22214-7 $9336758944
045F $a900.94798 $eDDC23BSB
045F/01 $a900
045F/03 $g4798
045F/03 $g4796
045T $a7,41 $a7,44
lok: 39509355 78
exp: 39509355 78 1 #EPN
201B/01 $018-11-16 $t13:43:47.000
201U/01 $0utf8
203@/01 $079139218X
208@/01 $a12-11-16 $be
209A/01 $a/ $f000 $x00
220C/01 $aTitelaufnehmer: kk
220C/01 $aHerkunft: HI Marburg
244Z/01 $2Trx $#Estija $#Igaunija $#Estland $#Estonia $#Estonia $#Estónsko $#Estonsko $8--Trx--Eesti $x01 $9391237225
244Z/01 $2Trx $#Latvija $#Lettland $#Łotwa $#Lotyšsko $8--Trx--Latvija $x02 $9391275879
244Z/01 $2Trx $#arvustused $#recenzijos $#Reviews $#recenziók $#recenzje $#recenzie $#recenze $8--Trx--Rezensionen $x03 $9391357441
247C/01 $82080>Marburg/Lahn, Herder-Institut, Forschungsbibliothek, Bibliographieportal $9336309341
| LEADER | 00000caa a22000002c 4500 | ||
|---|---|---|---|
| 001 | 395093554 | ||
| 003 | DE-603 | ||
| 005 | 20210804210432.0 | ||
| 007 | tu | ||
| 008 | 161112s2015 xx |||| | u00||u|eng c | ||
| 035 | |a (DE-599)HEB395093554 | ||
| 040 | |a DE-603 |b ger |c DE-603 |d DE-603 | ||
| 041 | |a eng | ||
| 082 | 0 | 4 | |8 1\u |a 900.94798 |q DE-101 |2 23/BSB |
| 084 | |a 7,41 |a 7,44 |2 ssgn | ||
| 085 | |8 1\u |b 900 | ||
| 085 | |8 1\u |z 2 |s 4798 | ||
| 085 | |8 1\u |z 2 |s 4796 | ||
| 100 | 1 | |a Laidla, Janet | |
| 245 | 0 | 0 | |a Leonid Arbusow (1882-1951) und die Erforschung des mittelalterlichen Livland. - Köln : Böhlau. - 2014 [Rezension] |
| 264 | 0 | |c 2015 | |
| 773 | 0 | 8 | |i In |t Journal of Baltic studies |d Abingdon : Routledge, 1972- |x 0162-9778 |g Band 46, Heft 2 (2015), Seite 261-263 |w (DE-603)047244860 |w (DE-600)197751-9 |
| 787 | 0 | 8 | |i Rezension von |t Leonid Arbusow (1882-1951) und die Erforschung des mittelalterlichen Livland |d Köln [u.a.] : Böhlau, 2014 |h 383 S. |z 9783412222147 |w (DE-603)336758944 |
| 924 | 0 | |9 2080 |a (DE-603)79139218X |b DE-2080 |c HES |d d |g / | |


